[Event "Sardinia World Festival-A 2024"]
[Site "Orosei"]
[Date "2024.05.04"]
[Round "9.3"]
[White "Fedoseev, Vladimir"]
[Black "Moussard, Jules"]
[Result "1/2-1/2"]
[WhiteElo "2690"]
[BlackElo "2610"]
[Annotator "TA"]
[PlyCount "127"]
[EventDate "2024.04.26"]
[EventType "swiss"]
[EventCountry "ITA"]
[SourceTitle "playchess.com"]
[Source "ChessBase"]
[SourceQuality "1"]

1. e4 c5 2. Nf3 e6 3. d4 cxd4 4. Nxd4 Nc6 5. c3 d5 6. exd5 Qxd5 7. Be3 Nf6 8. Qb3 Nxd4 9. Bxd4 Bd7 10. Nd2 Bc6 11. O-O-O Qxb3 12. Nxb3 Bd6 13. f3 b6 14. Bxf6 Bf4+ 15. Kc2 gxf6 16. Nd4 Bd7 17. Ba6 Rd8 18. Kb3 Be5 19. a4 h5 20. h3 Rg8 21. g4 Bxd4 22. Rxd4 e5 23. Re4 Ke7 24. Bb5 Be6+ 25. Bc4 Rd2 26. Bxe6 Kxe6 27. Rc4 Rh8 28. Rb1 hxg4 29. hxg4 Kd7 30. f4 Rhh2 31. a5 Rhf2 32. axb6 axb6 33. f5 Rg2 34. Ka3 Kd6 35. Rb4 Kc6 36. Rc4+ Kb7 37. Rb4 Kc6 38. Ra4 Kb7 39. Re4 Rc2 40. Rc4 Rcd2 41. b3 b5 42. Re4 Kb6 43. Kb4 Rde2 44. Rxe2 Rxe2 45. Rh1 Re4+ 46. c4 bxc4 47. bxc4 Re2 48. Rh7 Rb2+ 49. Kc3 Rg2 50. Rxf7 Kc5 51. Rc7+ Kd6 52. Rg7 Kc5 53. Kd3 Rg3+ 54. Ke4 Rc3 55. Rg6 Rxc4+ 56. Kf3 Rc3+ 57. Kf2 e4 58. Rxf6 Kd4 59. Ke2 Rc2+ 60. Kd1 Rg2 61. Rd6+ Ke3 62. Rg6 Kd3 63. Rd6+ Ke3 64. Rg6 1/2-1/2

[Event "Sardinia World Festival-A 2024"]
[Site "Orosei"]
[Date "2024.05.04"]
[Round "9.4"]
[White "Gurel, Ediz"]
[Black "Sjugirov, Sanan"]
[Result "1/2-1/2"]
[WhiteElo "2578"]
[BlackElo "2689"]
[Annotator "TA"]
[PlyCount "54"]
[EventDate "2024.04.26"]
[EventType "swiss"]
[EventCountry "ITA"]
[SourceTitle "playchess.com"]
[Source "ChessBase"]
[SourceQuality "1"]

1. e4 c5 2. Nf3 Nc6 3. Bb5 g6 4. O-O Bg7 5. Re1 e5 6. Bxc6 dxc6 7. a4 Qe7 8. Na3 Be6 9. d3 f6 10. Be3 Nh6 11. a5 O-O 12. h3 Nf7 13. Qd2 Rfb8 14. Qc3 Bf8 15. Nc4 Qd8 16. b3 b6 17. axb6 axb6 18. Rxa8 Rxa8 19. Ra1 Rxa1+ 20. Qxa1 Nd6 21. Qa7 Nxc4 22. bxc4 Bd6 23. g4 Qc7 24. Qxc7 Bxc7 25. Nd2 Kf7 26. f3 Bd6 27. Nb3 h5 1/2-1/2

[Event "Sardinia World Festival-A 2024"]
[Site "Orosei"]
[Date "2024.05.04"]
[Round "9.5"]
[White "Shevchenko, Kirill"]
[Black "Lodici, Lorenzo"]
[Result "1-0"]
[WhiteElo "2675"]
[BlackElo "2565"]
[Annotator "TA"]
[PlyCount "89"]
[EventDate "2024.04.26"]
[EventType "swiss"]
[EventCountry "ITA"]
[SourceTitle "playchess.com"]
[Source "ChessBase"]
[SourceQuality "1"]

1. c4 e5 2. Nc3 Nc6 3. Nf3 f5 4. g3 Nf6 5. d4 e4 6. Nh4 d5 7. Bg5 Be7 8. e3 Ng4 9. Bxe7 Nxe7 10. Ng2 c6 11. Qb3 O-O 12. cxd5 cxd5 13. Nf4 Nf6 14. h4 Kh8 15. Rc1 Rb8 16. Qa3 a6 17. Na4 b6 18. Be2 Rf7 19. Rc2 g6 20. Kd2 h6 21. h5 g5 22. Ng6+ Nxg6 23. hxg6 Ra7 24. Rxh6+ Kg7 25. Rh1 Bd7 26. Nc3 Be8 27. b3 b5 28. Nd1 b4 29. Qc1 a5 30. Nb2 Qd6 31. Rc8 Rxc8 32. Qxc8 Rc7 33. Qxf5 Qc6 34. Nc4 Bxg6 35. Qxg5 Nh7 36. Qe5+ Nf6 37. Qg5 Nh7 38. Qe5+ Nf6 39. g4 dxc4 40. Bxc4 Kf8 41. Rh6 Rg7 42. d5 Qb6 43. d6 Ng8 44. Bxg8 Kxg8 45. Qe6+ 1-0

[Event "Sardinia World Festival-A 2024"]
[Site "Orosei"]
[Date "2024.05.04"]
[Round "9.6"]
[White "Murzin, Volodar"]
[Black "Chigaev, Maksim"]
[Result "1-0"]
[WhiteElo "2632"]
[BlackElo "2621"]
[Annotator "TA"]
[PlyCount "81"]
[EventDate "2024.04.26"]
[EventType "swiss"]
[EventCountry "ITA"]
[SourceTitle "playchess.com"]
[Source "ChessBase"]
[SourceQuality "1"]

1. e4 e5 2. Nf3 Nc6 3. Bb5 a6 4. Ba4 Nf6 5. O-O Be7 6. Re1 b5 7. Bb3 O-O 8. h3 d6 9. c3 Re8 10. d4 Bb7 11. a3 h6 12. Ba2 Bf8 13. d5 Nb8 14. b3 Nbd7 15. c4 c6 16. Nc3 bxc4 17. bxc4 Nc5 18. Rb1 Rb8 19. Qc2 Qa5 20. Rb4 Rec8 21. Qb1 Nfd7 22. Re3 Qc7 23. Re2 cxd5 24. exd5 g6 25. h4 h5 26. Ng5 Bg7 27. Be3 a5 28. Nb5 Qb6 29. Rbb2 Qa6 30. Qd1 a4 31. Rb4 Nf6 32. Qb1 Bf8 33. Nc3 Nfd7 34. Reb2 Qa8 35. Bxc5 Nxc5 36. Nce4 Rc7 37. Nxc5 dxc5 38. Rb6 Qa5 39. Ne4 Bg7 40. R2b5 Qa7 41. d6 1-0

[Event "Sardinia World Festival-A 2024"]
[Site "Orosei"]
[Date "2024.05.04"]
[Round "9.7"]
[White "Royal, Shreyas"]
[Black "Lagarde, Maxime"]
[Result "1/2-1/2"]
[WhiteElo "2455"]
[BlackElo "2640"]
[Annotator "TA"]
[PlyCount "102"]
[EventDate "2024.04.26"]
[EventType "swiss"]
[EventCountry "ITA"]
[SourceTitle "playchess.com"]
[Source "ChessBase"]
[SourceQuality "1"]

1. d4 Nf6 2. c4 g6 3. Nc3 Bg7 4. e4 d6 5. h3 Nbd7 6. Be3 e5 7. d5 Nc5 8. Qc2 a5 9. Nf3 Qe7 10. Be2 Bd7 11. Nd2 h5 12. O-O Nh7 13. a3 a4 14. Nb5 Qd8 15. Bxc5 dxc5 16. d6 cxd6 17. Nxd6+ Ke7 18. Nb5 Ng5 19. Nb1 Ne6 20. N1c3 Re8 21. Rad1 Nd4 22. Nxd4 cxd4 23. Nd5+ Kf8 24. Qd2 Bc6 25. f4 Kg8 26. f5 Qh4 27. Bd3 Rad8 28. f6 Bxd5 29. fxg7 Bxe4 30. Qh6 f5 31. Bxe4 Qxe4 32. Qxg6 Qe3+ 33. Kh1 f4 34. Qxh5 Qe4 35. Rfe1 Qh7 36. Rxe5 Qxh5 37. Rxh5 Kxg7 38. Kg1 Kf6 39. Kf2 Re3 40. Rd5 Rxd5 41. cxd5 d3 42. Re1 d2 43. Rd1 Rd3 44. Ke2 Rxd5 45. Rxd2 Rb5 46. Kd3 Kf5 47. Kd4 Rb3 48. Re2 b5 49. Rf2 b4 50. axb4 Rxb4+ 51. Kd5 Rb3 1/2-1/2

[Event "Sardinia World Festival-A 2024"]
[Site "Orosei"]
[Date "2024.05.04"]
[Round "9.8"]
[White "Aizenberg, Benny"]
[Black "Moroni, Luca Jr"]
[Result "0-1"]
[WhiteElo "2409"]
[BlackElo "2580"]
[Annotator "TA"]
[PlyCount "146"]
[EventDate "2024.04.26"]
[EventType "swiss"]
[EventCountry "ITA"]
[SourceTitle "playchess.com"]
[Source "ChessBase"]
[SourceQuality "1"]

1. e4 e5 2. Nf3 Nc6 3. d4 exd4 4. Nxd4 Bc5 5. Nb3 Bb4+ 6. c3 Be7 7. f4 d6 8. Bd3 Bh4+ 9. g3 Bf6 10. Be3 h5 11. N1d2 Bg4 12. Be2 Qd7 13. h3 Bxe2 14. Qxe2 O-O-O 15. O-O-O Qe6 16. g4 g6 17. Qf3 Bg7 18. f5 Qd7 19. g5 Ne5 20. Qf1 f6 21. h4 Re8 22. Bd4 Ng4 23. fxg6 fxg5 24. Qf7 Bxd4 25. cxd4 gxh4 26. Rxh4 N8f6 27. Rf1 Re7 28. Rxf6 Rxf7 29. Rxf7 Qe8 30. Rh3 Rg8 31. Rc3 Qd8 32. Rcf3 Qg5 33. Rc3 c6 34. d5 Qxg6 35. Re7 Re8 36. Rxe8+ Qxe8 37. dxc6 bxc6 38. Nd4 Ne5 39. Nf5 Qe6 40. Rh3 Qxa2 41. Ra3 Qe6 42. Rxa7 Kb8 43. Rh7 Qg6 44. Rg7 Qf6 45. Kc2 d5 46. Rh7 Qg5 47. Re7 Qf4 48. Nd4 Qf2 49. Rxe5 Qxd4 50. Rxh5 dxe4 51. Rh3 Qf2 52. Rh8+ Kc7 53. Rh7+ Kd8 54. Kc3 Qe3+ 55. Kc2 Qf2 56. Kc3 Qe3+ 57. Kc2 Qd3+ 58. Kd1 e3 59. Rh2 Kc7 60. Re2 exd2 61. Rxd2 Qb1+ 62. Ke2 c5 63. Ke3 Kc6 64. Rg2 Kd5 65. Re2 Kc4 66. Kf4 Qc1+ 67. Ke4 Qd1 68. Ke3 Kb3 69. Rd2 Qxd2+ 70. Kxd2 Kxb2 71. Kd3 Kb3 72. Kd2 c4 73. Kc1 Kc3 0-1

[Event "Sardinia World Festival-A 2024"]
[Site "Orosei"]
[Date "2024.05.04"]
[Round "9.9"]
[White "Sonis, Francesco"]
[Black "Vergara Anton, Diego"]
[Result "1-0"]
[WhiteElo "2562"]
[BlackElo "2387"]
[Annotator "TA"]
[PlyCount "57"]
[EventDate "2024.04.26"]
[EventType "swiss"]
[EventCountry "ITA"]
[SourceTitle "playchess.com"]
[Source "ChessBase"]
[SourceQuality "1"]

1. Nf3 d5 2. e3 Nf6 3. c4 e6 4. b3 c5 5. cxd5 exd5 6. Bb2 Nc6 7. Bb5 Bd6 8. d4 O-O 9. dxc5 Qa5+ 10. Nc3 Bxc5 11. O-O Bb4 12. Qd3 Ne7 13. a3 Bd6 14. b4 Qd8 15. Rad1 Bg4 16. Ne2 Ng6 17. Ng3 a6 18. Ba4 Bxf3 19. gxf3 Be5 20. Bc1 Nh4 21. Kh1 Qc8 22. Qe2 Qh3 23. Rg1 Rad8 24. f4 Bb8 25. Bb2 Kh8 26. Bxf6 gxf6 27. Qh5 Rg8 28. Bc2 Rg6 29. Bf5 1-0

[Event "Sardinia World Festival-A 2024"]
[Site "Orosei"]
[Date "2024.05.04"]
[Round "9.11"]
[White "Sokolovsky, Yahli"]
[Black "Bellia, Fabrizio"]
[Result "1-0"]
[WhiteElo "2490"]
[BlackElo "2384"]
[Annotator "TA"]
[PlyCount "95"]
[EventDate "2024.04.26"]
[EventType "swiss"]
[EventCountry "ITA"]
[SourceTitle "playchess.com"]
[Source "ChessBase"]
[SourceQuality "1"]

1. e4 e5 2. Nf3 Nc6 3. Bb5 a6 4. Ba4 Nf6 5. O-O Be7 6. Re1 b5 7. Bb3 d6 8. c3 O-O 9. h3 Bb7 10. d4 Re8 11. Nbd2 Bf8 12. a4 h6 13. Bc2 exd4 14. cxd4 Nb4 15. Bb1 c5 16. d5 Nd7 17. Ra3 c4 18. Nd4 Qf6 19. N2f3 Nc5 20. b3 Nbd3 21. Bxd3 Nxd3 22. Re3 b4 23. Ra1 Nc5 24. bxc4 Rxe4 25. a5 g6 26. Rb1 Rxe3 27. Bxe3 Qd8 28. Rxb4 Qxa5 29. Qb1 Bc8 30. Rb8 Rxb8 31. Qxb8 Qd8 32. Nc6 Qe8 33. Bxc5 dxc5 34. Nfe5 g5 35. Kf1 f6 36. Ng4 Kg7 37. Ne3 Kf7 38. Kg1 Bd7 39. Qa7 Kg8 40. Nb8 Bc8 41. Qc7 f5 42. d6 f4 43. d7 Bxd7 44. Nxd7 Bg7 45. Ng4 Qe7 46. Qc6 Kf7 47. Qd5+ Ke8 48. Nge5 1-0

[Event "Sardinia World Festival-A 2024"]
[Site "Orosei"]
[Date "2024.05.04"]
[Round "9.12"]
[White "Zhalmakhanov, Ramazan"]
[Black "Ezra Paul Chambers"]
[Result "1/2-1/2"]
[WhiteElo "2490"]
[BlackElo "2343"]
[Annotator "TA"]
[PlyCount "46"]
[EventDate "2024.04.26"]
[EventType "swiss"]
[EventCountry "ITA"]
[SourceTitle "playchess.com"]
[Source "ChessBase"]
[SourceQuality "1"]

1. e4 c5 2. Nf3 Nc6 3. Bb5 e6 4. Bxc6 bxc6 5. d3 Qc7 6. Nbd2 e5 7. O-O Ne7 8. Nh4 d5 9. Nb3 Ng6 10. Qh5 Nxh4 11. Qxh4 Be7 12. Qg3 g5 13. Be3 d4 14. Bc1 Be6 15. c3 Rc8 16. cxd4 cxd4 17. Bd2 c5 18. Na5 h5 19. Nc4 f6 20. Rac1 h4 21. Qf3 Rb8 22. b3 Qd7 23. Qe2 Kf7 1/2-1/2

[Event "Sardinia World Festival-A 2024"]
[Site "Orosei"]
[Date "2024.05.04"]
[Round "9.13"]
[White "Agmanov, Zhandos"]
[Black "Tudor, Henry Edward"]
[Result "0-1"]
[WhiteElo "2458"]
[BlackElo "2279"]
[Annotator "TA"]
[PlyCount "72"]
[EventDate "2024.04.26"]
[EventType "swiss"]
[EventCountry "ITA"]
[SourceTitle "playchess.com"]
[Source "ChessBase"]
[SourceQuality "1"]

1. e4 c5 2. Nf3 d6 3. d4 cxd4 4. Nxd4 Nf6 5. Nc3 a6 6. f3 e6 7. Be3 b5 8. Qd2 Nbd7 9. a3 h5 10. O-O-O Bb7 11. Rg1 Rc8 12. Bf2 Be7 13. Qe1 Qc7 14. Bd3 Ne5 15. Kb1 Nc4 16. Bxc4 Qxc4 17. Nb3 Qc7 18. Bd4 Kf8 19. Qf2 d5 20. Bxf6 Bxf6 21. exd5 exd5 22. Nxd5 Bxd5 23. Rxd5 Qxh2 24. Nc5 Rh6 25. Ne4 Bh4 26. Qd4 Kg8 27. c3 Bf6 28. Qd1 h4 29. Rd6 Qe5 30. Rxa6 Rg6 31. Qe2 Qh2 32. Qf1 h3 33. g3 Bxc3 34. Nxc3 Rxa6 35. Qd1 b4 36. axb4 Rca8 0-1

[Event "Sardinia World Festival-A 2024"]
[Site "Orosei"]
[Date "2024.05.04"]
[Round "9.14"]
[White "Carlo, Emanuele"]
[Black "Bharath Subramaniyam H"]
[Result "0-1"]
[WhiteElo "2363"]
[BlackElo "2544"]
[Annotator "TA"]
[PlyCount "92"]
[EventDate "2024.04.26"]
[EventType "swiss"]
[EventCountry "ITA"]
[SourceTitle "playchess.com"]
[Source "ChessBase"]
[SourceQuality "1"]

1. e4 e5 2. Nf3 Nc6 3. Bc4 Nf6 4. d3 Be7 5. a4 O-O 6. a5 d5 7. exd5 Nxd5 8. O-O b6 9. axb6 Nxb6 10. Bb5 Nb4 11. Bd2 Bb7 12. Bxb4 Bxb4 13. Ba6 Bd5 14. Nbd2 Re8 15. Re1 Bxf3 16. Nxf3 Bxe1 17. Qxe1 Qd6 18. Qe4 Nd5 19. Ng5 Nf6 20. Qc4 Re7 21. c3 Rd8 22. h3 Qb6 23. b4 h6 24. Ne4 Nxe4 25. Qxe4 c5 26. bxc5 Qxc5 27. Bc4 a5 28. g4 Ra7 29. Kg2 Qe7 30. Kg3 a4 31. h4 a3 32. Qe3 e4 33. Qxe4 Qxe4 34. dxe4 Rc8 35. Bd5 Rxc3+ 36. Kf4 Kf8 37. Ra2 Ke7 38. h5 Kf6 39. Ra1 Ra4 40. f3 Rb4 41. Rd1 Ke7 42. Kg3 Rc5 43. Kh4 Ra5 44. Kg3 a2 45. Ra1 Rxd5 46. exd5 Ra4 0-1

[Event "Sardinia World Festival-A 2024"]
[Site "Orosei"]
[Date "2024.05.04"]
[Round "9.15"]
[White "Erdogmus, Yagiz Kaan"]
[Black "Zemach, Nadav"]
[Result "1-0"]
[WhiteElo "2540"]
[BlackElo "2396"]
[Annotator "TA"]
[PlyCount "147"]
[EventDate "2024.04.26"]
[EventType "swiss"]
[EventCountry "ITA"]
[SourceTitle "playchess.com"]
[Source "ChessBase"]
[SourceQuality "1"]

1. d4 d5 2. c4 c6 3. Nc3 Nf6 4. Nf3 e6 5. e3 Nbd7 6. Qc2 b6 7. Bd3 Bb7 8. O-O Bd6 9. e4 dxe4 10. Nxe4 Nxe4 11. Bxe4 Nf6 12. Bg5 Be7 13. Bxf6 Bxf6 14. Qa4 Qc7 15. d5 Rc8 16. dxe6 fxe6 17. c5 O-O 18. Qxa7 Ra8 19. Qxb6 Qxb6 20. cxb6 Ra6 21. Rac1 Rxb6 22. b3 Ra8 23. Rc2 c5 24. Bxb7 Rxb7 25. Re1 Rba7 26. Ree2 Kf7 27. g3 h6 28. Kg2 Ra6 29. h4 R8a7 30. Ne1 Bd4 31. h5 Kf6 32. f4 g6 33. Nf3 g5 34. fxg5+ hxg5 35. g4 e5 36. Nd2 Ke6 37. Ne4 Kd5 38. Kg3 Rg7 39. Re1 Rb6 40. Nc3+ Ke6 41. Rf1 Be3 42. Kf3 Bd4 43. Ke4 Rd7 44. Ne2 Rb4 45. Rc4 Rxc4 46. bxc4 Ra7 47. Nxd4+ exd4 48. Rf5 Kd6 49. Rf6+ Ke7 50. Rc6 Ra5 51. h6 Kf7 52. Kf5 Rxa2 53. Rc7+ Kg8 54. Rxc5 d3 55. Rd5 d2 56. c5 Ra5 57. Kg6 Ra6+ 58. Kxg5 Rc6 59. Rxd2 Rxc5+ 60. Kg6 Rc6+ 61. Kh5 Rc5+ 62. g5 Ra5 63. Rd6 Kh7 64. Rd7+ Kg8 65. Re7 Rb5 66. Kg6 Rb6+ 67. Kf5 Rb5+ 68. Re5 Rb8 69. g6 Ra8 70. Kg5 Kh8 71. Rf5 Rg8 72. g7+ Kh7 73. Rf8 Rxf8 74. gxf8=B 1-0

[Event "Sardinia World Festival-A 2024"]
[Site "Orosei"]
[Date "2024.05.04"]
[Round "9.16"]
[White "Vagman, Roy"]
[Black "Rozen, Eytan"]
[Result "0-1"]
[WhiteElo "2357"]
[BlackElo "2499"]
[Annotator "TA"]
[PlyCount "136"]
[EventDate "2024.04.26"]
[EventType "swiss"]
[EventCountry "ITA"]
[SourceTitle "playchess.com"]
[Source "ChessBase"]
[SourceQuality "1"]

1. e4 c5 2. Nf3 d6 3. Bb5+ Bd7 4. Bxd7+ Qxd7 5. c4 Nc6 6. Nc3 e5 7. d3 Be7 8. Nd5 Bd8 9. O-O Nge7 10. Be3 O-O 11. Nd2 Ba5 12. Nb3 Bd8 13. a3 f5 14. f3 f4 15. Bf2 g5 16. Nd2 h5 17. Rb1 g4 18. b4 b6 19. b5 Nd4 20. Bxd4 cxd4 21. Nxe7+ Bxe7 22. a4 Rf7 23. Kh1 Kh8 24. Rb2 Rg8 25. Qe2 Rfg7 26. Ra2 Bd8 27. Re1 Qe6 28. Qf1 Kh7 29. Re2 Kh6 30. Nb3 Qg6 31. Nd2 Rf8 32. Rb2 Qg5 33. Ra2 Qh4 34. Rb2 Rfg8 35. Ra2 Qe7 36. Rb2 Qc7 37. Rb3 Qc5 38. Qe1 Qc8 39. Qf1 Kh7 40. Rb2 Kh8 41. Nb1 Rg6 42. Nd2 Kh7 43. Rb3 R8g7 44. Rb2 Rh6 45. Rb1 Bh4 46. Rb2 Qd8 47. Kg1 Rhg6 48. Ra2 Qc7 49. Qa1 Qc5 50. Qb2 Bd8 51. Ra1 Qc8 52. Kh1 h4 53. fxg4 Qxg4 54. Rf2 h3 55. Rg1 Bh4 56. g3 fxg3 57. hxg3 Bxg3 58. Nf1 Qh4 59. Rf5 h2 60. Rxg3 Rxg3 61. Nxg3 Rxg3 62. Rf1 Rxd3 63. Rf7+ Kg6 64. Qg2+ Kxf7 65. Qf1+ Qf4 66. Qxd3 Qf2 67. Qd1 Kf6 68. a5 Qg1+ 0-1

[Event "Sardinia World Festival-A 2024"]
[Site "Orosei"]
[Date "2024.05.04"]
[Round "9.17"]
[White "Velten, Paul"]
[Black "Savitha Shri B"]
[Result "1-0"]
[WhiteElo "2481"]
[BlackElo "2363"]
[Annotator "TA"]
[PlyCount "97"]
[EventDate "2024.04.26"]
[EventType "swiss"]
[EventCountry "ITA"]
[SourceTitle "playchess.com"]
[Source "ChessBase"]
[SourceQuality "1"]

1. d4 Nf6 2. c4 c5 3. d5 b5 4. cxb5 a6 5. bxa6 g6 6. Nc3 Bg7 7. e4 O-O 8. Nf3 Qa5 9. Nd2 Bxa6 10. Be2 d6 11. O-O Nbd7 12. a4 Rfb8 13. Ra3 Rb4 14. b3 Nh5 15. Bxa6 Qxa6 16. Nb5 Qb7 17. Nc4 Ne5 18. Qc2 Nxc4 19. bxc4 Be5 20. g3 Nf6 21. Ra2 Qc8 22. Kg2 Qa6 23. Nc7 Rxc4 24. Qe2 Qa5 25. Qxc4 Qxc7 26. Bg5 Qb6 27. Bd2 Ne8 28. a5 Qb8 29. Qc2 Qb5 30. Rb1 Qe2 31. a6 Bd4 32. Bh6 Qxc2 33. Rxc2 f5 34. exf5 Rxa6 35. Rb7 Bf6 36. g4 Ra4 37. f3 gxf5 38. g5 Be5 39. Rxe7 Ng7 40. f4 Ba1 41. Rce2 Ra8 42. Bxg7 Bxg7 43. Rc7 Bd4 44. h4 Kf8 45. h5 Ra1 46. h6 Rg1+ 47. Kh2 Ra1 48. Rxh7 c4 49. g6 1-0

[Event "Sardinia World Festival-A 2024"]
[Site "Orosei"]
[Date "2024.05.04"]
[Round "9.18"]
[White "Costa, Leonardo"]
[Black "Derakhshani, Borna"]
[Result "1-0"]
[WhiteElo "2476"]
[BlackElo "2355"]
[Annotator "TA"]
[PlyCount "51"]
[EventDate "2024.04.26"]
[EventType "swiss"]
[EventCountry "ITA"]
[SourceTitle "playchess.com"]
[Source "ChessBase"]
[SourceQuality "1"]

1. e4 c5 2. Nf3 Nc6 3. Bb5 e6 4. Bxc6 bxc6 5. d3 Qc7 6. O-O Ne7 7. Re1 Ng6 8. h4 h6 9. e5 f6 10. Nc3 Be7 11. h5 Nxe5 12. Nxe5 fxe5 13. Qg4 Kf8 14. f4 exf4 15. Bxf4 d6 16. Qg6 Kg8 17. Rf1 Bf6 18. Ne4 Qf7 19. Bxd6 Qxg6 20. hxg6 c4 21. Nxf6+ gxf6 22. Rxf6 cxd3 23. Rf8+ Kg7 24. Be5+ Kxf8 25. g7+ Ke7 26. gxh8=Q 1-0

[Event "Sardinia World Festival-A 2024"]
[Site "Orosei"]
[Date "2024.05.04"]
[Round "9.19"]
[White "Ben Ari, Yannay"]
[Black "Lewtak, Damian"]
[Result "1-0"]
[WhiteElo "2436"]
[BlackElo "2343"]
[Annotator "RC"]
[PlyCount "119"]
[EventDate "2024.04.26"]
[EventType "swiss"]
[EventCountry "ITA"]
[SourceTitle "playchess.com"]
[Source "ChessBase"]
[SourceQuality "1"]

1. c4 Nf6 2. Nf3 e6 3. g3 d5 4. Bg2 Be7 5. O-O O-O 6. b3 Nbd7 7. Nc3 Re8 8. Qc2 b6 9. d4 Bb7 10. Rd1 c5 11. dxc5 bxc5 12. Ng5 h6 13. cxd5 exd5 14. Nxd5 Bxd5 15. Bxd5 hxg5 16. Bxa8 Qxa8 17. Bxg5 Nf8 18. Qf5 Ne6 19. Be3 g6 20. Qf3 Qb8 21. Rac1 Qe5 22. Rc4 a5 23. Kg2 Kg7 24. Ra4 Bd8 25. h4 Bc7 26. Rc4 Re7 27. Rd3 Bb6 28. Bf4 Nxf4+ 29. Rxf4 Nh5 30. Ra4 Qxe2 31. Re3 Rxe3 32. Qxe3 Qxe3 33. fxe3 f5 34. g4 Nf6 35. gxf5 gxf5 36. Rc4 Ne4 37. Rc2 Bd8 38. Kh3 Bf6 39. Rg2+ Kh7 40. Rc2 Bc3 41. Kg2 Be1 42. Kf3 Bg3 43. Rc1 Kh6 44. Rg1 Bxh4 45. Kf4 Bf2 46. Rg2 Ng5 47. a4 Bg1 48. Rd2 Kg6 49. Rd6+ Kh5 50. Ra6 Nh3+ 51. Kf3 Ng5+ 52. Kf4 Nh3+ 53. Kxf5 Bxe3 54. Rxa5 Nf2 55. Ra8 Kh6 56. a5 Nd1 57. a6 c4 58. bxc4 Nb2 59. Rc8 Na4 60. c5 1-0

[Event "Sardinia World Festival-A 2024"]
[Site "Orosei"]
[Date "2024.05.04"]
[Round "9.20"]
[White "Papadiamandis, Elliot"]
[Black "Kilic, Eray"]
[Result "1/2-1/2"]
[WhiteElo "2312"]
[BlackElo "2429"]
[Annotator "TA"]
[PlyCount "35"]
[EventDate "2024.04.26"]
[EventType "swiss"]
[EventCountry "ITA"]
[SourceTitle "playchess.com"]
[Source "ChessBase"]
[SourceQuality "1"]

1. e4 c5 2. Nc3 Nc6 3. Nf3 g6 4. Bb5 Bg7 5. d3 e5 6. Bg5 Nge7 7. h4 h6 8. Bxe7 Nxe7 9. h5 g5 10. Bc4 d6 11. Nd2 Be6 12. Nf1 a6 13. a4 d5 14. exd5 Nxd5 15. Nxd5 Bxd5 16. Bxd5 Qxd5 17. Ne3 Qe6 18. Qf3 1/2-1/2

[Event "Sardinia World Festival-A 2024"]
[Site "Orosei"]
[Date "2024.05.04"]
[Round "9.21"]
[White "Haldorsen, Benjamin"]
[Black "Chyzy, Jakub"]
[Result "1-0"]
[WhiteElo "2419"]
[BlackElo "2314"]
[Annotator "TA"]
[PlyCount "97"]
[EventDate "2024.04.26"]
[EventType "swiss"]
[EventCountry "ITA"]
[SourceTitle "playchess.com"]
[Source "ChessBase"]
[SourceQuality "1"]

1. e4 e5 2. Nf3 Nc6 3. Bb5 a6 4. Ba4 Bc5 5. c3 Nge7 6. O-O Ba7 7. d4 Ng6 8. Bg5 f6 9. Be3 O-O 10. Re1 Kh8 11. Nbd2 d6 12. h3 b5 13. Bc2 f5 14. exf5 Bxf5 15. Bxf5 Rxf5 16. a4 b4 17. Qc2 Qf8 18. dxe5 Bxe3 19. Rxe3 Ngxe5 20. Nxe5 Nxe5 21. Ne4 Nc4 22. Re2 d5 23. Ng3 Re5 24. b3 Rxe2 25. Nxe2 Na5 26. cxb4 Qxb4 27. Qxc7 Nxb3 28. Rb1 Rf8 29. Qg3 Qe4 30. Rb2 Nd4 31. Qd6 Kg8 32. Qxa6 h6 33. a5 Re8 34. Nxd4 Qxd4 35. Rb1 Qd2 36. Qb6 Ra8 37. a6 Qa2 38. Qe6+ Kh8 39. Rb6 Qa1+ 40. Kh2 Qd4 41. Qe3 Qa4 42. Qc3 d4 43. Qf3 Qe8 44. Qd5 Qc8 45. Rc6 Qb8+ 46. g3 Qa7 47. Qe5 Qf7 48. Qxd4 Kg8 49. Rd6 1-0

[Event "Sardinia World Festival-A 2024"]
[Site "Orosei"]
[Date "2024.05.04"]
[Round "9.22"]
[White "Shohat, Yotam"]
[Black "Kanyamarala, Tarun"]
[Result "1/2-1/2"]
[WhiteElo "2398"]
[BlackElo "2293"]
[Annotator "TA"]
[PlyCount "120"]
[EventDate "2024.04.26"]
[EventType "swiss"]
[EventCountry "ITA"]
[SourceTitle "playchess.com"]
[Source "ChessBase"]
[SourceQuality "1"]

1. e4 c5 2. Nf3 e6 3. d4 cxd4 4. Nxd4 a6 5. Nc3 b5 6. Bd3 Bb7 7. O-O Nc6 8. Nxc6 Bxc6 9. Re1 Bc5 10. Qh5 Qb6 11. Be3 Bxe3 12. Rxe3 Ne7 13. e5 Ng6 14. Ne4 Bxe4 15. Rxe4 Qc5 16. Qe2 O-O 17. a4 Rfb8 18. axb5 axb5 19. Re1 Ra2 20. b3 Qc3 21. h4 Ne7 22. Re3 Qb4 23. Re4 Qc3 24. h5 h6 25. Re3 Qb4 26. Rg3 Rba8 27. Rg4 Qc3 28. Kh2 Nd5 29. Rg3 Qb4 30. Be4 Rc8 31. Qg4 Qf8 32. Bxd5 exd5 33. Qxd7 Raxc2 34. f4 R8c3 35. Rxc3 Rxc3 36. f5 Qb4 37. Qd8+ Kh7 38. Rf1 Qg4 39. Qxd5 Qxh5+ 40. Kg1 Qe2 41. f6 Qe3+ 42. Kh2 Qg3+ 43. Kh1 Qd3 44. Qxd3+ Rxd3 45. e6 gxf6 46. exf7 Kg7 47. Rxf6 Kf8 48. Rxh6 Rxb3 49. Rf6 Rg3 50. Kh2 Rg7 51. Rb6 Rxf7 52. Rxb5 Kg7 53. Rb3 Kg6 54. g4 Rf1 55. Rb5 Rf3 56. Kg2 Ra3 57. Rf5 Rb3 58. Rf3 Rxf3 59. Kxf3 Kg5 60. Ke4 Kxg4 1/2-1/2

[Event "Sardinia World Festival-A 2024"]
[Site "Orosei"]
[Date "2024.05.04"]
[Round "9.23"]
[White "Samunenkov, Ihor"]
[Black "Gloeckler, Christian"]
[Result "1-0"]
[WhiteElo "2548"]
[BlackElo "2356"]
[Annotator "TA"]
[PlyCount "57"]
[EventDate "2024.04.26"]
[EventType "swiss"]
[EventCountry "ITA"]
[SourceTitle "playchess.com"]
[Source "ChessBase"]
[SourceQuality "1"]

1. d4 Nf6 2. Bf4 d5 3. e3 c5 4. dxc5 Nc6 5. Bb5 e6 6. b4 a5 7. c3 Bd7 8. Qb3 axb4 9. cxb4 Ne4 10. Ne2 Be7 11. Nbc3 Nxc3 12. Nxc3 O-O 13. O-O e5 14. Bxc6 bxc6 15. Bxe5 Re8 16. Bd4 h5 17. a4 h4 18. h3 Bf8 19. Qd1 Re6 20. Qf3 g5 21. Qe2 Rg6 22. f3 Qc7 23. e4 Rb8 24. Rab1 Qf4 25. Rfd1 Re8 26. Qd2 dxe4 27. Nxe4 Bxh3 28. Qxf4 gxf4 29. Nf6+ 1-0

[Event "Sardinia World Festival-A 2024"]
[Site "Orosei"]
[Date "2024.05.04"]
[Round "9.24"]
[White "Girel, Joseph"]
[Black "Hercegovac, Neven"]
[Result "1/2-1/2"]
[WhiteElo "2479"]
[BlackElo "2344"]
[Annotator "TA"]
[PlyCount "100"]
[EventDate "2024.04.26"]
[EventType "swiss"]
[EventCountry "ITA"]
[SourceTitle "playchess.com"]
[Source "ChessBase"]
[SourceQuality "1"]

1. d4 Nf6 2. c4 e6 3. Nf3 d5 4. Nc3 Nbd7 5. Bf4 dxc4 6. e4 Bb4 7. Nd2 O-O 8. Bxc4 Nb6 9. Qb3 Ba5 10. O-O Qxd4 11. Nb5 Qc5 12. Rac1 Bxd2 13. Bxd2 Qe7 14. Bd3 c5 15. e5 Nfd7 16. f4 Nd5 17. Be4 N7b6 18. Nd6 f5 19. Bf3 c4 20. Nxc4 Nxc4 21. Rxc4 Qd8 22. Rd1 b6 23. Bb4 Re8 24. Rc6 Bb7 25. Rxe6 Rxe6 26. Rxd5 Bxd5 27. Bxd5 Kh8 28. Bxe6 Qd4+ 29. Kf1 Rd8 30. Bd6 Qxf4+ 31. Ke2 Qe4+ 32. Kf2 Qf4+ 33. Qf3 Qd2+ 34. Qe2 Qf4+ 35. Qf3 Qd2+ 36. Qe2 Qf4+ 37. Kg1 Qc1+ 38. Qf1 Qe3+ 39. Kh1 Rxd6 40. exd6 Qxe6 41. Qd1 Qd7 42. h3 g6 43. Qd5 Kg7 44. Kh2 Kf6 45. Kg3 h6 46. Kf3 Qf7 47. Qd4+ Ke6 48. Qc4+ Kf6 49. Qd4+ Ke6 50. Qc4+ Ke5 1/2-1/2